| 000 | 00971naa a2200301 c 4500 | ||
|---|---|---|---|
| 001 | 35549 | ||
| 003 | ES-MaCES | ||
| 005 | 20051027113200.0 | ||
| 008 | 051027n2005 fr t 000 | fre d | ||
| 035 | _aCES20050010382v | ||
| 040 |
_aES-MaCES _bspa _cES-MaCES |
||
| 100 | 1 |
_aHérault, Bruno _914628 |
|
| 245 | 1 | 3 |
_aLa prospective publique _b: thèmes et variations _cBruno Hérault |
| 500 | _aResumen | ||
| 504 | _aBibliografía: p.83-84 | ||
| 650 | 4 |
_aJapón _926915 |
|
| 650 | 4 |
_aEuropa _926940 |
|
| 650 | 4 |
_apredicción _928899 |
|
| 650 | 4 |
_aempleo _928299 |
|
| 650 | 4 |
_atecnología de la información _930104 |
|
| 650 | 4 |
_adescentralización _927218 |
|
| 650 | 4 |
_acomportamiento político _927237 |
|
| 653 | 1 | 0 | _aCiencias Sociales-Políticas |
| 773 | 0 |
_tFuturibles _gnº 312 (oct. 2005){10324 R. 062211}; p. 65-84 _w(ES-MaCES)25335 _951802 |
|
| 902 | _aART Artículo de revista | ||
| 942 |
_2CES _cAR _h7.0. |
||
| 999 |
_c35549 _d35549 |
||